Automatizované systémy riadenia v bankovníctve

Enregistré dans:
Détails bibliographiques
Auteur principal: Petrjánošová, Božena
Collectivité auteur: Vysoká škola ekonomická v Bratislave. Národohospodárska fakulta
Format: Livre
Langue:slovaque
Publié: Bratislava Vysoká škola ekonomická 1989
Édition:1. vyd.
Sujets:
Tags: Ajouter un tag
Pas de tags, Soyez le premier à ajouter un tag!

MARC

LEADER 00000nam a2200000 4500
001 c034146
005 20221215070321.8
041 0 |a slo 
044 |a SK 
245 1 0 |a Automatizované systémy riadenia v bankovníctve  |c Božena Petrjánošová 
250 |a 1. vyd. 
264 1 |a Bratislava  |b Vysoká škola ekonomická  |c 1989 
300 |a 189 s. 
610 2 0 |a systémy riadenia automatizované 
610 2 0 |a banky 
100 1 |a Petrjánošová, Božena 
710 2 |a Vysoká škola ekonomická v Bratislave. Národohospodárska fakulta